Антинаполеоновские коалиции - Statistics

General Stats
  • This quiz has been taken 4 times
    3 since last reset
  • The average score is 14 of 70
Answer Stats
Вопрос Ответ % Correct
Наиболее яркий представитель «гусарской поэзии», глава партизанских отрядов в войну 1812 года. Денис Давыдов
100%
Уроженец Брауншвейга, участник русско-турецких войн при Екатерине,
один из организаторов переворота 1801 года, командующий русской армией в сражении при Прейсиш-Эйлау. Во время войны 1812 года в августе-ноябре исполнял обязанности начальника Главного штаба русской армии. Участник битвы под Лейпцигом.
Леонтий Беннигсен
50%
Генерал от кавалерии. Участник русско-турецкой 1788-1790,
подавления восстания Костюшко, главнокомандующий в русско-персидской 1804-1813. В войну 1812 года командовал 3-й Западной армией на южном фланге.
Александр Тормасов
50%
Генерал от инфантерии, герой 1812 года, учаснитник битв под Аустерлицем, Кульмом и Парижем. Автор цитаты "Стоять и умирать", после битвы под Кульмом ампутировали руку. Александр Остерман-Толстой
50%
Маршал Наполеона, князь Москворецкий, участник войны 1812 года, прозванный храбрейшим из храбрых. Любимец Наполеона. Расстрелян в 1815 году. Мишель Ней
50%
Маршал Наполеона, герцог Бургурндский, чей маршальский жезл хранится в ГИМе. Никола Даву
50%
Министр иностранных дел Австрии (1809-1848),организатор Венского конгресса Клеменс фон Меттерних
50%
Место разгромного поражения французов при бегстве из России р. Березина
50%
Первое место ссылки Наполеона Эльба
50%
Село в Калужской области, в честь которого назвали маневр в ходе которого части Мюрата были заманены в ловушку. Тарутино
50%
Село близ Москвы, где состоялся совет в ходе которого обсуждалась судьба дальнейших военных событий после Бородинской битвы. Фили
50%
Место смерти М.И. Кутузова Бунцлау
50%
II Антинаполеоновская коалиция 1798-1802
50%
Альпийский поход 1799
50%
Битва под Прейсиш-Эйлау (месяц, год) февраль 1807
50%
Тильзитский мир (месяц, год) июнь 1807
50%
Смоленское сражение(месяц, год) август 1812
50%
Взятие французами Москвы сентябрь 1812
50%
Битва под Лейпцигом (месяц, год) октябрь 1813
50%
Смерть М.И. Кутузова 1813
50%
VI Антинаполеоновская коалиция 1813-1814
50%
Взятие Парижа (месяц, год) март 1814
50%
Битва при Ватерлоо (месяц, год) июнь 1815
50%
Аахенский конгресс 1818
50%
Конгресс Троппау-Лайбах 1820-1821
50%
Первый император Австрийской империи (1804-1835), участник битвы при Аустерлице. Франц II
50%
Король Пруссии (1797-1840), представитель династии Гогенцоллернов. Фридрих Вильгельм III
50%
Знаменитый военачальник, герой военных кампаний Екатерины II, главнокомандующий Альпийского похода. Александр Суворов
0%
Князь грузинского происхождения, участник Швейцарского и Итальянского
походов, III и IV Антифранцузских коалиций в войну 1812 года командующий 2-й Западной армией. Смертельно ранен в ходе Бородинского сражения при осмотре флешей. Любимец А.В. Суворова
Петр Багратион
0%
Ученик и соратник А.В. Суворова, участник русско-турецких войн
(1768-1774, 1787-1791,1806-1812). Подписант Бухарестского мира. Главнокомандующий русской армией во время войны 1812 года. Умер от простуды в 1813.
Михаил Голенищев-Кутузов
0%
Генерал-фельдмаршал, известен как "Спаситель Петербурга" за
защиту его рубежей в 1812 году. Главнокомандующий русской армией после смерти М.И. Кутузова. Один из богатейших людей страны
Петр Витгенштейн
0%
Русский полководец шотландско-немецкого происхождения, военный министр (1810-1812) участник русско-турецкой 1788-1790,
подавления восстания Костюшко. В войну 1812 года командующий 1-й Западной армией. Фактически исполнял обязанности Главнокомандующего до назначения М. И. Кутузова.
Михаил Барклай-де-Толли
0%
Адмирал, морской министр (1802-1811), с 1812 года главнокомандующий Дунайской армией. Был арестован при Павле I. Павел Чичагов
0%
Атаман Донского казачьего войска, основатель Новочеркасска, участник битвы при Прейсиш-Эйлау. Матвей Платов
0%
Знаменитый участник войны 1812 года и Заграничных походов.
С 1816 по 1827 год командующий Отдельным Кавказским корпусом.
Алексей Ермолов
0%
Генерал от кавалерии, участник битвы под Салтановкой, в честь которого была названы батарея в Бородинском сражении. Николай Раевский
0%
Английский генерал, герцог, командующий англо-прусскими войсками в битву у Ватерлоо (фамилия). Артур Веллингтон
0%
Английский адмирал, национальный герой, командующим флотом во времена одной из важнейших битв третьей коалиции, в честь которой названа площадь в Лондоне. Погиб в первый день этого морского сражения. Горацио Нельсон
0%
Король Неаполитанский (1808-1815), маршал Наполеона, знаменитый кавалерист, пижон. Расстрелян после битвы у Ватерлоо. Иоахим Мюрат
0%
Король Вестфалии, младший брат Наполеона. Жером Бонапарт
0%
Иимператрица Франции (1804 по 1809), первая жена Наполеона. Жозефина Бонапарт
0%
Польский маршал Наполеона, военный министр герцогства Варшавского, отличился в битве при Лейпциге. Утонул в реке через 3 дня. Юзеф Понятовский
0%
Дипломат, будущий министр иностранных дели президент Греции, подписал Парижский мир 1815 года. Иоанн Каподистрия
0%
Известный мастер политической интриги, министр иностранных дел Франции (1797-1807, 1814-1815). Шарль Тайлеран
0%
Кронприц Швеции, маршал Наполеона, перешедший на сторону Наполеона. Король Швеции (1818-1844) Жан Батист Бернадот
0%
Будущий декабрист, составил условия договора о сдаче сей столицы Французской империи союзным войскам. Михаил Орлов
0%
Девушка притворявшаяся корнетом, которая стала прототипом главной героини в фильме. Надежда Дурова
0%
Место битвы народов Лейпциг
0%
Второе место ссылки Наполеона остров Св. Елены
0%
Место объединения 1 и 2 армий Смоленск
0%
Село близ Бородина, в честь которого назвали редут. Шевардино
0%
Город под которым произошло сражение послезнаменитого маневра. Переходил 8 раз из рук в руки, но в итоге достался французам, которые отступили. Малоярославец
0%
Село в Брянской области, предшествующееСмоленской битве. Запечатлено на знаменитой картине незаменимого художника. Салтановка
0%
Дорога, по которой тактически отступил Кутузовв ходе знаменитого маневра. Калужская дорога
0%
Дорога, по которой отступал Наполеон из Москвы. Смоленская дорога
0%
III Антинаполеоновская коалиция 1805
0%
Битва под Аустерлицем(месяц, год) ноябрь 1805
0%
Трафальгарское сражение 1805
0%
IV Антинаполеоновская коалиция 1806-1807
0%
Битва под Фридландом (месяц, год) июнь 1807
0%
Вторжение Наполеона в Россию(месяц, год) июнь 1812
0%
Бородинское сражение(месяц, год) август 1812
0%
Тарутинский маневр сентябрь-октябрь 1812
0%
Битва за Малоярославец октябрь 1812
0%
Сражение на Березине ноябрь 1812
0%
Битва под Кульмом 1813
0%
Парижский мир (до Венского конгресса) 1814
0%
Венский конгресс 1814-1815
0%
VII Антинаполеоновская коалиция 1815
0%
Веронский конгресс 1822
0%
No matching quizzes found
Score Distribution
Percent of People with Each Score
Percentile by Number Answered
Your Score History
You have not taken this quiz since the last reset